| 000 | 01132nam0a22002411 4500 | ||
|---|---|---|---|
| 001 | rc\363292 | ||
| 005 | 20030307123445.9 | ||
| 035 | _a(NLR Aleph) 005593983 | ||
| 090 |
_a6242239 _c6242239 |
||
| 100 | _a20030307d1989 u |0rusy50 ca | ||
| 101 | 0 | _arus | |
| 102 | _aRU | ||
| 105 | _ay ||||||||| | ||
| 200 | 1 |
_aМетодологические и практические проблемы формирования целостного хозяйственного механизма управления экономикой _eПрепр. докл. на заседании Междунар. РГ по методологии исслед. и сравнения соц. хоз. механизмов, 26-30 июня, 1989 г., г. Варшава |
|
| 210 |
_aТаллин _cАН Эстонии _d1989 |
||
| 215 |
_a21 с. _d20 |
||
| 225 | 1 |
_aПрепринт _fАН Эстонии. Отд-ние обществ. наук, Ин-т экономики _v15 |
|
| 700 | 1 |
_aТаалер _bЯ. Э. _gЯан Эдуардович |
|
| 801 | 0 |
_aRU _bNLR _gpsbo |
|
| 801 | 1 |
_aRU _bELAR _2rusmarc |
|
| 852 |
_aNLR _j89-4/15257 |
||
| 942 | _cBOOK | ||
| 980 | _aNB | ||